000 00582nam a2200205 a 4500
005 20230131063744.0
008 991125s1995 bue 000 0 spa u
020 _a9501227049
035 _aUPN01000027343
049 _aCG
050 4 _aPN1991.7
_aH33
100 1 _aHaye, Ricardo M.
245 1 0 _aHacia una nueva radio /
_cRicardo M. Haye.
260 _aBuenos Aires :
_bPaidós,
_c1995.
300 _a222 p.
440 0 _aPaidós estudios de comunicación ;
_v4
650 4 _aARTE DE ESCRIBIR PARA LA RADIODIFUSION
_92554
650 2 _aRadiodifusión
_912965
905 _aLibro
999 _c27343
_d27343